<?xml version="1.0" encoding="UTF-8"?>
<record
    xmlns:xsi="http://www.w3.org/2001/XMLSchema-instance"
    xsi:schemaLocation="http://www.loc.gov/MARC21/slim http://www.loc.gov/standards/marcxml/schema/MARC21slim.xsd"
    xmlns="http://www.loc.gov/MARC21/slim">

  <leader>00203nam a2200085   4500</leader>
  <controlfield tag="001">1254896</controlfield>
  <controlfield tag="005">20251128140213.0</controlfield>
  <datafield tag="245" ind1=" " ind2=" ">
    <subfield code="a">E&#x11E;LENCEL&#x130; B&#x130;LG&#x130; NASIL &#xC7;&#x130;Z&#x130;L&#x130;R</subfield>
    <subfield code="c">TONY DE SAULLES</subfield>
  </datafield>
  <datafield tag="260" ind1=" " ind2=" ">
    <subfield code="b">T&#x130;MA&#x15E;</subfield>
  </datafield>
  <datafield tag="999" ind1=" " ind2=" ">
    <subfield code="c">1254896</subfield>
    <subfield code="d">1254896</subfield>
  </datafield>
  <datafield tag="952" ind1=" " ind2=" ">
    <subfield code="0">0</subfield>
    <subfield code="1">0</subfield>
    <subfield code="2">ddc</subfield>
    <subfield code="4">0</subfield>
    <subfield code="7">0</subfield>
    <subfield code="a">1020</subfield>
    <subfield code="b">1020</subfield>
    <subfield code="d">2025-11-28</subfield>
    <subfield code="l">0</subfield>
    <subfield code="o">X11</subfield>
    <subfield code="p">10204652</subfield>
    <subfield code="r">2025-11-28 14:02:00</subfield>
    <subfield code="w">2025-11-28</subfield>
    <subfield code="y">BK</subfield>
  </datafield>
</record>
